| 000 | 00500nam a2200193 a 4500 | ||
|---|---|---|---|
| 001 | 6272 | ||
| 003 | CO-ViMGA | ||
| 008 | 141112s2004 ck r 000 u spa d | ||
| 040 |
_aCO-ViMGA _bspa _cCO-ViMGA |
||
| 082 | 0 | 4 | _aA861.44 B673le |
| 100 | 1 |
_aBorges, Jorge Luis _94957 |
|
| 245 | 1 | 0 | _aLuna de enfrente. Cuaderno san martín |
| 250 | _a3a | ||
| 260 |
_aBuenos Aires : _bEmece, _c1995 |
||
| 300 | _a97 p | ||
| 650 | 1 | 4 |
_aCuaderno San Martín _94958 |
| 650 | 1 | 4 | _aPOESIA ARGENTINA |
| 942 |
_2ddc _cBK |
||
| 999 |
_c18244 _d18244 |
||